Statystyki dla Flagi Europy

Kliknij tutaj aby rozwiązać quiz!

Ogólne statystyki

  • Ten quiz został rozwiązany 2 razy
  • Średni wynik to 3 z 45

Statystyki odpowiedzi

Odpowiedź% Poprawnych
Australia
100%
Grecja
50%
Mali
50%
Polska
50%
Watykan
50%
Afganistan
0%
Andora
0%
Austria
0%
Benin
0%
Brazylia
0%
Cypr
0%
Czad
0%
Demokratyczna Republika Konga
0%
Ekwador
0%
Estonia
0%
Filipiny
0%
Hiszpania
0%
Holandia
0%
Indie
0%
Indonezja
0%
Islandia
0%
Kanada
0%
Kazachstan
0%
Korea Północna
0%
Litwa
0%
Łotwa
0%
Luksemburg
0%
Madagaskar
0%
Malawi
0%
Malediwy
0%
Maroko
0%
Monako
0%
Mongolia
0%
Niger
0%
Nigeria
0%
Palau
0%
Rosja
0%
Saint Kitts i Nevis
0%
Senegal
0%
Singapur
0%
Tadżykistan
0%
Tajwan
0%
Włochy
0%
Wybrzeże kości słoniowej
0%
Wyspy Świętego Tomasza i Książęca
0%

Rozkład punktacji

Percentyl według liczby udzielonych odpowiedzi

Procent ludzi z każdym wynikiem

Twoja historia wyników

Nie rozwiązałeś tego quizu